000 00458nam a2200181Ia 4500
005 20250603145945.0
008 250603s9999 xx 000 0 und d
020 _a9782063886
050 _aP 90 .F65/
100 _aFolarin, Babatunde
245 0 _aTheories of mass communication: an introductory text
260 _aIbadan
260 _bStirling-Horden Publishers (Nig.) Ltd.
260 _c1998
300 _a136 p
650 _aIbadan
942 _cBK
999 _c43355
_d43355